[Event "Greek Team Championship"]
[Site "chess24.com"]
[Date "2017.07.04"]
[Round "2"]
[White "Apostolopoulos, Panayotis"]
[Black "Palaskos, Marios"]
[Result "0-1"]
[Board "4"]
[WhiteElo "1626"]
[WhiteCountry "GRE"]
[WhiteFideId "4220692"]
[WhiteEloChange "-6"]
[BlackElo "1756"]
[BlackCountry "GRE"]
[BlackFideId "4222547"]
[BlackEloChange "6"]

1. e4 {[%clk 1:30:30]} d5 {[%clk 1:30:30]} 2. exd5 {[%clk 1:30:30]} Qxd5 {[%clk
1:30:30]} 3. Nc3 {[%clk 1:30:30]} Qd6 {[%clk 1:30:30]} 4. Nf3 {[%clk 1:30:30]}
Nf6 {[%clk 1:30:30]} 5. d4 {[%clk 1:30:30]} a6 {[%clk 1:30:30]} 6. Bc4 {[%clk
1:30:30]} b5 {[%clk 1:30:30]} 7. Bd3 {[%clk 1:30:30]} Bb7 {[%clk 1:30:30]} 8. Ne2
{[%clk 1:30:30]} e6 {[%clk 1:30:30]} 9. c3 {[%clk 1:30:30]} Nbd7 {[%clk 1:30:30]}
10. Bf4 {[%clk 1:30:30]} Qb6 {[%clk 1:30:30]} 11. O-O {[%clk 1:30:30]} Be7 {[%clk
1:30:30]} 12. h3 {[%clk 1:30:30]} O-O {[%clk 1:30:30]} 13. Bh2 {[%clk 1:30:30]}
c5 {[%clk 1:30:30]} 14. Rc1 {[%clk 1:30:30]} Rfd8 {[%clk 1:30:30]} 15. Bb1 {[%clk
1:30:30]} Rac8 {[%clk 1:30:30]} 16. Qd2 {[%clk 1:30:30]} Ba8 {[%clk 1:30:30]} 17.
Rfe1 {[%clk 1:30:30]} Qb7 {[%clk 1:30:30]} 18. Ng3 {[%clk 1:30:30]} cxd4 {[%clk
1:30:30]} 19. cxd4 {[%clk 1:30:30]} Nb6 {[%clk 1:30:30]} 20. Rxc8 {[%clk
1:30:30]} Rxc8 {[%clk 1:30:30]} 21. b3 {[%clk 1:30:30]} Nbd5 {[%clk 1:30:30]} 22.
Rc1 {[%clk 1:30:30]} Bb4 {[%clk 1:30:30]} 23. Rxc8+ {[%clk 1:30:30]} Qxc8 {[%clk
1:30:30]} 24. Qc2 {[%clk 1:30:30]} Qxc2 {[%clk 1:30:30]} 25. Bxc2 {[%clk
1:30:30]} Nc3 {[%clk 1:30:30]} 26. a4 {[%clk 1:30:30]} bxa4 {[%clk 1:30:30]} 27.
bxa4 {[%clk 1:30:30]} Bc6 {[%clk 1:30:30]} 28. Ne5 {[%clk 1:30:30]} Bxa4 {[%clk
1:30:30]} 29. Bxa4 {[%clk 1:30:30]} Nxa4 {[%clk 1:30:30]} 30. Nc6 {[%clk
1:30:30]} Bd6 {[%clk 1:30:30]} 31. Nf1 {[%clk 1:30:30]} Bxh2+ {[%clk 1:30:30]}
32. Kxh2 {[%clk 1:30:30]} Nc3 {[%clk 1:30:30]} 33. Nd2 {[%clk 1:30:30]} Nfd5
{[%clk 1:30:30]} 34. Nc4 {[%clk 1:30:30]} Kf8 {[%clk 1:30:30]} 35. Kg1 {[%clk
1:30:30]} Nc7 {[%clk 1:30:30]} 36. Kf1 {[%clk 1:30:30]} Ke8 {[%clk 1:30:30]} 37.
Ke1 {[%clk 1:30:30]} f6 {[%clk 1:30:30]} 38. f3 {[%clk 1:30:30]} Kd7 {[%clk
1:30:30]} 39. Nb4 {[%clk 1:30:30]} N3b5 {[%clk 1:30:30]} 40. Nb6+ {[%clk
1:30:30]} Kd6 {[%clk 1:30:30]} 41. Nc4+ {[%clk 1:30:30]} Ke7 {[%clk 1:30:30]} 42.
Nc6+ {[%clk 1:30:30]} Kd7 {[%clk 1:30:30]} 43. Nb8+ {[%clk 1:30:30]} Kc8 {[%clk
1:30:30]} 44. Nc6 {[%clk 1:30:30]} Nd5 {[%clk 1:30:30]} 45. Kd2 {[%clk 1:30:30]}
Kc7 {[%clk 1:30:30]} 46. N4a5 {[%clk 1:30:30]} Kb6 {[%clk 1:30:30]} 47. g3 {[%clk
1:30:30]} Nd6 {[%clk 1:30:30]} 48. Kd3 {[%clk 1:30:30]} Kb5 {[%clk 1:30:30]} 49.
g4 {[%clk 1:30:30]} g5 {[%clk 1:30:30]} 50. Kd2 {[%clk 1:30:30]} Nf4 {[%clk
1:30:30]} 51. Kc3 {[%clk 1:30:30]} Nxh3 {[%clk 1:30:30]} 52. d5 {[%clk 1:30:30]}
exd5 {[%clk 1:30:30]} 53. Ne7 {[%clk 1:30:30]} Kxa5 {[%clk 1:30:30]} 54. Nxd5
{[%clk 1:30:30]} Ne8 {[%clk 1:30:30]} 55. Kc4 {[%clk 1:30:30]} Nf4 {[%clk
1:30:30]} 0-1

[Event "Greek Team Championship"]
[Site "chess24.com"]
[Date "2017.07.04"]
[Round "2"]
[White "Serefidou, Despina"]
[Black "Ispas, Eugenia"]
[Result "1/2-1/2"]
[Board "5"]
[WhiteElo "1981"]
[WhiteCountry "GRE"]
[WhiteFideId "4218787"]
[WhiteEloChange "-8"]
[BlackElo "1534"]
[BlackCountry "GRE"]
[BlackFideId "4269900"]
[BlackEloChange "8"]

1. e4 {[%clk 1:30:58]} e5 {[%clk 1:30:50]} 2. Nf3 {[%clk 1:31:21]} Nc6 {[%clk
1:31:11]} 3. Nc3 {[%clk 1:28:59]} d6 {[%clk 1:30:47]} 4. d4 {[%clk 1:19:50]} exd4
{[%clk 1:29:28]} 5. Nxd4 {[%clk 1:20:08]} Bd7 {[%clk 1:29:18]} 6. Bc4 {[%clk
1:17:14]} Nf6 {[%clk 1:27:51]} 7. O-O {[%clk 1:11:42]} Be7 {[%clk 1:26:03]} 8. a3
{[%clk 1:04:47]} Nxd4 {[%clk 1:23:09]} 9. Qxd4 {[%clk 1:05:08]} O-O {[%clk
1:21:12]} 10. f4 {[%clk 0:56:57]} Bc6 {[%clk 1:15:10]} 11. Nd5 {[%clk 0:54:56]}
Nxd5 {[%clk 1:14:08]} 12. exd5 {[%clk 0:54:08]} Bf6 {[%clk 1:12:17]} 13. Qd3
{[%clk 0:50:48]} Bd7 {[%clk 1:11:48]} 14. c3 {[%clk 0:48:39]} Qc8 {[%clk
1:10:34]} 15. Bd2 {[%clk 0:42:03]} Bf5 {[%clk 1:09:09]} 16. Qf3 {[%clk 0:41:39]}
Re8 {[%clk 1:05:17]} 17. Rae1 {[%clk 0:41:16]} c6 {[%clk 1:00:08]} 18. Bd3 {[%clk
0:31:09]} Bxd3 {[%clk 0:56:50]} 19. Qxd3 {[%clk 0:31:32]} Qd7 {[%clk 0:55:17]}
20. b4 {[%clk 0:25:41]} Rac8 {[%clk 0:51:57]} 21. dxc6 {[%clk 0:20:34]} bxc6
{[%clk 0:43:13]} 22. Be3 {[%clk 0:19:24]} d5 {[%clk 0:41:36]} 23. Bd4 {[%clk
0:17:59]} Bxd4+ {[%clk 0:38:25]} 24. Qxd4 {[%clk 0:13:43]} Rxe1 {[%clk 0:34:11]}
25. Rxe1 {[%clk 0:14:09]} Re8 {[%clk 0:28:56]} 26. Rxe8+ {[%clk 0:14:13]} Qxe8
{[%clk 0:29:15]} 27. Kf2 {[%clk 0:14:30]} Qb8 {[%clk 0:24:25]} 28. Ke3 {[%clk
0:14:00]} f6 {[%clk 0:22:34]} 29. c4 {[%clk 0:08:56]} Qe8+ {[%clk 0:21:03]} 30.
Kd3 {[%clk 0:07:34]} Qg6+ {[%clk 0:17:30]} 31. Kc3 {[%clk 0:06:21]} Qxg2 {[%clk
0:16:04]} 32. cxd5 {[%clk 0:03:57]} cxd5 {[%clk 0:15:39]} 33. Qxa7 {[%clk
0:03:08]} Qf3+ {[%clk 0:15:07]} 34. Kc2 {[%clk 0:02:32]} Qe2+ {[%clk 0:14:43]}
35. Kb3 {[%clk 0:02:33]} Qc4+ {[%clk 0:14:30]} 36. Kb2 {[%clk 0:02:00]} d4 {[%clk
0:12:18]} 37. Qc5 {[%clk 0:01:48]} Qe2+ {[%clk 0:12:05]} 38. Kc1 {[%clk 0:01:15]}
d3 {[%clk 0:10:31]} 39. Qc3 {[%clk 0:01:19]} Qf1+ {[%clk 0:08:39]} 40. Kb2 {[%clk
0:30:37]} Qd1 {[%clk 0:35:26]} 41. Qc1 {[%clk 0:30:24]} Qe2+ {[%clk 0:33:31]} 42.
Kc3 {[%clk 0:30:42]} Kf7 {[%clk 0:30:40]} 43. Qd2 {[%clk 0:28:48]} Qe4 {[%clk
0:29:09]} 44. Qxd3 {[%clk 0:26:39]} Qxf4 {[%clk 0:28:23]} 45. Qc4+ {[%clk
0:05:19]} Qxc4+ {[%clk 0:28:28]} 46. Kxc4 {[%clk 0:05:48]} Ke7 {[%clk 0:27:44]}
47. a4 {[%clk 0:03:11]} f5 {[%clk 0:27:21]} 48. a5 {[%clk 0:02:25]} Kd7 {[%clk
0:27:16]} 49. b5 {[%clk 0:01:11]} Kc7 {[%clk 0:27:23]} 50. Kd4 {[%clk 0:00:47]}
g5 {[%clk 0:27:00]} 51. Ke5 {[%clk 0:00:37]} f4 {[%clk 0:27:09]} 52. Ke4 {[%clk
0:00:56]} h6 {[%clk 0:25:53]} 53. h4 {[%clk 0:00:43]} Kb7 {[%clk 0:25:55]} 54.
hxg5 {[%clk 0:00:56]} hxg5 {[%clk 0:26:15]} 1/2-1/2

[Event "Greek Team Championship"]
[Site "chess24.com"]
[Date "2017.07.04"]
[Round "2"]
[White "Triantopoulou, Afroditi"]
[Black "Houhouli, Hristina"]
[Result "0-1"]
[Board "6"]
[WhiteElo "1113"]
[WhiteCountry "GRE"]
[WhiteFideId "4270290"]
[WhiteEloChange "-3"]
[BlackElo "1431"]
[BlackCountry "GRE"]
[BlackFideId "4247477"]
[BlackEloChange "3"]

1. e4 {[%clk 1:30:57]} d5 {[%clk 1:30:57]} 2. exd5 {[%clk 1:29:46]} Qxd5 {[%clk
1:31:21]} 3. Nc3 {[%clk 1:29:03]} Qd6 {[%clk 1:31:48]} 4. Nf3 {[%clk 1:25:37]}
Nf6 {[%clk 1:31:03]} 5. d4 {[%clk 1:12:15]} a6 {[%clk 1:31:29]} 6. Bg5 {[%clk
1:08:21]} Nc6 {[%clk 1:28:20]} 7. Be2 {[%clk 1:00:38]} h6 {[%clk 1:26:10]} 8. Bh4
{[%clk 1:00:00]} Bf5 {[%clk 1:25:17]} 9. a3 {[%clk 0:52:55]} O-O-O {[%clk
1:22:09]} 10. Bg3 {[%clk 0:42:04]} Qd7 {[%clk 1:21:23]} 11. Ne5 {[%clk 0:35:36]}
Nxe5 {[%clk 1:17:24]} 12. dxe5 {[%clk 0:33:27]} Qxd1+ {[%clk 1:11:50]} 13. Bxd1
{[%clk 0:29:10]} Ne4 {[%clk 1:07:23]} 14. Nxe4 {[%clk 0:27:48]} Bxe4 {[%clk
1:07:38]} 15. O-O {[%clk 0:24:57]} g5 {[%clk 1:02:36]} 16. h4 {[%clk 0:20:10]}
Rd2 {[%clk 1:01:18]} 17. Rc1 {[%clk 0:16:29]} Bg7 {[%clk 0:59:02]} 18. Bg4+
{[%clk 0:14:31]} Kb8 {[%clk 0:58:19]} 19. hxg5 {[%clk 0:11:45]} hxg5 {[%clk
0:57:52]} 20. Rfd1 {[%clk 0:08:34]} Rhd8 {[%clk 0:47:51]} 21. Bh5 {[%clk
0:05:42]} f5 {[%clk 0:39:05]} 22. exf6 {[%clk 0:04:43]} exf6 {[%clk 0:38:05]} 23.
Rxd2 {[%clk 0:03:52]} Rxd2 {[%clk 0:38:21]} 24. Bd1 {[%clk 0:04:04]} f5 {[%clk
0:38:18]} 25. b3 {[%clk 0:03:15]} f4 {[%clk 0:37:49]} 26. Bh2 {[%clk 0:02:25]}
Bb2 {[%clk 0:36:07]} 27. Rb1 {[%clk 0:02:09]} Bxc2 {[%clk 0:31:38]} 28. Bxc2
{[%clk 0:01:48]} Rxc2 {[%clk 0:32:03]} 29. a4 {[%clk 0:01:52]} Bd4 {[%clk
0:32:03]} 30. Rf1 {[%clk 0:01:37]} Rb2 {[%clk 0:31:57]} 31. g3 {[%clk 0:01:28]}
fxg3 {[%clk 0:31:04]} 32. Bxg3 {[%clk 0:01:46]} Rxb3 {[%clk 0:31:29]} 33. Rd1
{[%clk 0:01:57]} Rxg3+ {[%clk 0:31:26]} 34. Kf1 {[%clk 0:01:57]} Rg4 {[%clk
0:31:41]} 35. Rd3 {[%clk 0:01:34]} c5 {[%clk 0:31:48]} 36. Ke2 {[%clk 0:01:35]}
c4 {[%clk 0:32:04]} 37. Ra3 {[%clk 0:01:10]} Re4+ {[%clk 0:31:46]} 38. Kd1 {[%clk
0:00:58]} Bxf2 {[%clk 0:32:05]} 39. Kd2 {[%clk 0:01:12]} Be1+ {[%clk 0:32:09]}
40. Kc2 {[%clk 0:31:16]} g4 {[%clk 1:02:10]} 41. Kd1 {[%clk 0:30:16]} g3 {[%clk
1:02:32]} 0-1

[Event "Greek Team Championship"]
[Site "chess24.com"]
[Date "2017.07.04"]
[Round "2"]
[White "Batsi, Varvara"]
[Black "Tagkalaki, Ioanna Lambrini"]
[Result "1/2-1/2"]
[Board "7"]
[WhiteElo "1133"]
[WhiteCountry "GRE"]
[WhiteFideId "25820575"]
[BlackElo "1138"]
[BlackCountry "GRE"]
[BlackFideId "25852990"]

1. d4 {[%clk 1:30:30]} Nf6 {[%clk 1:30:30]} 2. Nf3 {[%clk 1:30:30]} e6 {[%clk
1:30:30]} 3. Bf4 {[%clk 1:30:30]} d5 {[%clk 1:30:30]} 4. e3 {[%clk 1:25:18]} Be7
{[%clk 1:30:30]} 5. Bd3 {[%clk 1:25:18]} O-O {[%clk 1:23:30]} 6. O-O {[%clk
1:25:12]} c5 {[%clk 1:21:26]} 7. c3 {[%clk 1:23:51]} c4 {[%clk 1:16:04]} 8. Bc2
{[%clk 1:23:37]} Nh5 {[%clk 1:14:41]} 9. Bxb8 {[%clk 1:20:54]} Rxb8 {[%clk
1:14:41]} 10. Ne5 {[%clk 1:20:54]} Nf6 {[%clk 1:14:41]} 11. Nd2 {[%clk 1:20:54]}
b5 {[%clk 1:09:55]} 12. Nc6 {[%clk 1:17:37]} Qc7 {[%clk 1:09:55]} 13. Nxb8 {[%clk
1:17:52]} Qxb8 {[%clk 1:09:53]} 14. Nf3 {[%clk 1:11:52]} Bd6 {[%clk 1:07:24]} 15.
h3 {[%clk 1:09:54]} e5 {[%clk 1:06:08]} 16. dxe5 {[%clk 1:09:46]} Bxe5 {[%clk
1:05:54]} 17. Nxe5 {[%clk 1:09:49]} Qxe5 {[%clk 1:05:48]} 18. Qd4 {[%clk
1:08:46]} Qg5 {[%clk 1:05:05]} 19. Qf4 {[%clk 1:02:20]} Qh5 {[%clk 1:03:08]} 20.
Rfe1 {[%clk 0:56:07]} Re8 {[%clk 1:00:40]} 21. Qg3 {[%clk 0:47:34]} a5 {[%clk
0:52:52]} 22. a4 {[%clk 0:45:07]} b4 {[%clk 0:49:37]} 23. cxb4 {[%clk 0:45:09]}
axb4 {[%clk 0:49:56]} 24. a5 {[%clk 0:44:03]} Ba6 {[%clk 0:48:53]} 25. Bf5 {[%clk
0:43:32]} Qxf5 {[%clk 0:47:09]} 26. Qd6 {[%clk 0:43:02]} Qe6 {[%clk 0:40:00]} 27.
Qxb4 {[%clk 0:41:53]} Ne4 {[%clk 0:35:35]} 28. Red1 {[%clk 0:35:15]} Qf5 {[%clk
0:29:29]} 29. Qe1 {[%clk 0:32:33]} Re6 {[%clk 0:27:43]} 30. f3 {[%clk 0:30:09]}
Nf6 {[%clk 0:27:43]} 1/2-1/2

[Event "Greek Team Championship"]
[Site "chess24.com"]
[Date "2017.07.04"]
[Round "2"]
[White "Antonopoulos, Panagiotis"]
[Black "Tsaknakis, Zisis"]
[Result "0-1"]
[Board "8"]
[WhiteElo "1335"]
[WhiteCountry "GRE"]
[WhiteFideId "4288980"]
[WhiteEloChange "-2"]
[BlackElo "2187"]
[BlackCountry "GRE"]
[BlackFideId "4259963"]
[BlackEloChange "2"]

1. e4 {[%clk 1:30:55]} c5 {[%clk 1:30:33]} 2. Nc3 {[%clk 1:30:26]} a6 {[%clk
1:30:12]} 3. g3 {[%clk 1:29:51]} b5 {[%clk 1:30:36]} 4. a3 {[%clk 1:28:39]} Bb7
{[%clk 1:30:59]} 5. Bg2 {[%clk 1:28:56]} e6 {[%clk 1:30:34]} 6. d3 {[%clk
1:28:06]} Nf6 {[%clk 1:30:32]} 7. Bg5 {[%clk 1:28:23]} Be7 {[%clk 1:29:48]} 8.
Nge2 {[%clk 1:26:21]} h6 {[%clk 1:28:52]} 9. Be3 {[%clk 1:25:38]} d5 {[%clk
1:24:16]} 10. exd5 {[%clk 1:15:43]} Nxd5 {[%clk 1:20:42]} 11. O-O {[%clk
1:10:51]} Nxe3 {[%clk 1:20:55]} 12. fxe3 {[%clk 1:11:03]} Bxg2 {[%clk 1:21:13]}
13. Kxg2 {[%clk 1:11:31]} Nc6 {[%clk 1:21:19]} 14. Ng1 {[%clk 1:09:04]} O-O
{[%clk 1:19:49]} 15. Nf3 {[%clk 1:08:55]} Rc8 {[%clk 1:17:30]} 16. Qe2 {[%clk
1:04:45]} Qc7 {[%clk 1:12:31]} 17. Rac1 {[%clk 1:03:28]} Bf6 {[%clk 1:12:06]} 18.
Qd2 {[%clk 1:00:52]} b4 {[%clk 1:06:20]} 19. axb4 {[%clk 0:58:23]} cxb4 {[%clk
1:06:28]} 20. Na4 {[%clk 0:58:37]} Rfd8 {[%clk 1:03:44]} 21. b3 {[%clk 0:53:32]}
a5 {[%clk 1:01:16]} 22. Nc5 {[%clk 0:53:16]} Be7 {[%clk 0:52:51]} 23. Ne4 {[%clk
0:53:01]} f5 {[%clk 0:53:04]} 24. Nf2 {[%clk 0:52:04]} Bf6 {[%clk 0:48:29]} 25.
e4 {[%clk 0:48:22]} Nd4 {[%clk 0:48:38]} 26. Nxd4 {[%clk 0:31:57]} Rxd4 {[%clk
0:44:14]} 27. Qe3 {[%clk 0:27:35]} e5 {[%clk 0:42:48]} 28. Nh3 {[%clk 0:25:38]}
fxe4 {[%clk 0:42:57]} 29. dxe4 {[%clk 0:25:03]} Qc3 {[%clk 0:39:19]} 30. Qxc3
{[%clk 0:21:43]} Rxc3 {[%clk 0:39:39]} 31. Rfe1 {[%clk 0:22:05]} Rd2+ {[%clk
0:39:55]} 32. Kg1 {[%clk 0:20:37]} Rcxc2 {[%clk 0:40:13]} 33. Rxc2 {[%clk
0:20:57]} Rxc2 {[%clk 0:40:38]} 34. Re3 {[%clk 0:21:18]} Be7 {[%clk 0:40:40]} 35.
Kf1 {[%clk 0:19:59]} Rxh2 {[%clk 0:40:42]} 36. Nf2 {[%clk 0:19:52]} Bc5 {[%clk
0:41:02]} 37. Re2 {[%clk 0:20:07]} Rxf2+ {[%clk 0:41:23]} 38. Rxf2 {[%clk
0:19:51]} Bxf2 {[%clk 0:41:46]} 39. Kxf2 {[%clk 0:20:15]} a4 {[%clk 0:41:31]} 0-1

[Event "Greek Team Championship"]
[Site "chess24.com"]
[Date "2017.07.04"]
[Round "2"]
[White "Betsakos, Konstantinos"]
[Black "Kormas, Georgios"]
[Result "1-0"]
[Board "9"]
[WhiteElo "1844"]
[WhiteCountry "GRE"]
[WhiteFideId "4253337"]
[WhiteEloChange "5"]
[BlackElo "1647"]
[BlackCountry "GRE"]
[BlackFideId "4289056"]
[BlackEloChange "-5"]

1. e4 {[%clk 1:30:48]} c5 {[%clk 1:30:53]} 2. Nf3 {[%clk 1:31:00]} d6 {[%clk
1:31:15]} 3. Bb5+ {[%clk 1:31:01]} Bd7 {[%clk 1:31:37]} 4. Bxd7+ {[%clk 1:31:21]}
Qxd7 {[%clk 1:32:00]} 5. O-O {[%clk 1:31:43]} Nc6 {[%clk 1:32:06]} 6. b3 {[%clk
1:30:42]} Nf6 {[%clk 1:31:47]} 7. Re1 {[%clk 1:31:07]} e6 {[%clk 1:27:37]} 8. Bb2
{[%clk 1:30:35]} Be7 {[%clk 1:27:26]} 9. c4 {[%clk 1:30:00]} O-O {[%clk 1:25:49]}
10. d4 {[%clk 1:29:53]} cxd4 {[%clk 1:23:56]} 11. Nxd4 {[%clk 1:30:13]} Rfd8
{[%clk 1:21:02]} 12. Qe2 {[%clk 1:28:49]} a6 {[%clk 1:15:03]} 13. Nxc6 {[%clk
1:28:06]} Qxc6 {[%clk 1:10:05]} 14. Nc3 {[%clk 1:27:45]} Rab8 {[%clk 1:02:29]}
15. Rac1 {[%clk 1:24:08]} Nd7 {[%clk 0:47:26]} 16. Qg4 {[%clk 1:19:51]} Bf6
{[%clk 0:42:57]} 17. Qg3 {[%clk 1:18:34]} Nc5 {[%clk 0:33:35]} 18. Nd5 {[%clk
1:17:43]} exd5 {[%clk 0:24:15]} 19. Bxf6 {[%clk 1:17:11]} g6 {[%clk 0:24:35]} 20.
exd5 {[%clk 1:17:14]} Qd7 {[%clk 0:24:38]} 21. Qg5 {[%clk 1:15:57]} 1-0

[Event "Greek Team Championship"]
[Site "chess24.com"]
[Date "2017.07.04"]
[Round "2"]
[White "Tepelenis, Nikolaos"]
[Black "Parligras, Mircea-Emilian"]
[Result "0-1"]
[Board "1"]
[WhiteElo "2084"]
[WhiteCountry "GRE"]
[WhiteFideId "4207599"]
[WhiteEloChange "-2"]
[BlackElo "2612"]
[BlackTitle "GM"]
[BlackCountry "ROU"]
[BlackFideId "1204297"]
[BlackEloChange "1"]

1. d4 {[%clk 1:30:06]} Nf6 {[%clk 1:30:51]} 2. c4 {[%clk 1:30:25]} e6 {[%clk
1:31:09]} 3. Nc3 {[%clk 1:30:29]} Bb4 {[%clk 1:31:05]} 4. Qc2 {[%clk 1:29:52]} d5
{[%clk 1:28:27]} 5. a3 {[%clk 1:29:24]} Bxc3+ {[%clk 1:28:44]} 6. Qxc3 {[%clk
1:29:37]} c5 {[%clk 1:28:40]} 7. e3 {[%clk 1:20:44]} Ne4 {[%clk 1:12:09]} 8. Qc2
{[%clk 1:20:33]} cxd4 {[%clk 1:11:18]} 9. exd4 {[%clk 1:20:50]} Nc6 {[%clk
1:11:11]} 10. Nf3 {[%clk 1:20:46]} Qa5+ {[%clk 1:11:25]} 11. Bd2 {[%clk 1:20:21]}
Nxd2 {[%clk 1:11:42]} 12. Qxd2 {[%clk 1:20:31]} Qxd2+ {[%clk 1:12:04]} 13. Kxd2
{[%clk 1:20:41]} Na5 {[%clk 1:12:29]} 14. Kc3 {[%clk 1:14:28]} dxc4 {[%clk
1:10:40]} 15. Bxc4 {[%clk 1:10:36]} Nxc4 {[%clk 1:07:30]} 16. Kxc4 {[%clk
1:10:52]} b6 {[%clk 1:07:50]} 17. Kd3 {[%clk 1:00:43]} Bb7 {[%clk 1:07:13]} 18.
Rhc1 {[%clk 0:55:51]} Bxf3 {[%clk 1:06:16]} 19. gxf3 {[%clk 0:56:02]} Kd7 {[%clk
1:03:40]} 20. Rc3 {[%clk 0:55:45]} Rac8 {[%clk 1:02:53]} 21. Rac1 {[%clk
0:55:29]} h5 {[%clk 0:58:36]} 22. Rxc8 {[%clk 0:45:10]} Rxc8 {[%clk 0:59:03]} 23.
Rxc8 {[%clk 0:45:25]} Kxc8 {[%clk 0:59:31]} 24. Ke4 {[%clk 0:43:23]} Kd7 {[%clk
0:59:38]} 25. d5 {[%clk 0:38:20]} Kd6 {[%clk 0:58:49]} 26. dxe6 {[%clk 0:38:37]}
Kxe6 {[%clk 0:59:14]} 27. f4 {[%clk 0:26:41]} b5 {[%clk 0:44:00]} 28. b3 {[%clk
0:24:14]} Kf6 {[%clk 0:36:26]} 29. h4 {[%clk 0:19:46]} g6 {[%clk 0:28:46]} 30. a4
{[%clk 0:17:09]} bxa4 {[%clk 0:28:09]} 31. bxa4 {[%clk 0:17:30]} a6 {[%clk
0:15:22]} 32. a5 {[%clk 0:13:35]} Ke6 {[%clk 0:15:44]} 33. f5+ {[%clk 0:11:09]}
gxf5+ {[%clk 0:16:11]} 34. Kd4 {[%clk 0:10:26]} Kd6 {[%clk 0:15:30]} 35. f3
{[%clk 0:10:10]} Kc6 {[%clk 0:13:24]} 36. Ke5 {[%clk 0:09:37]} Kb5 {[%clk
0:13:51]} 37. Kxf5 {[%clk 0:09:38]} Kxa5 {[%clk 0:14:17]} 38. Kf6 {[%clk
0:08:21]} Kb5 {[%clk 0:14:05]} 39. Kxf7 {[%clk 0:08:32]} a5 {[%clk 0:14:31]} 40.
f4 {[%clk 0:38:44]} a4 {[%clk 0:44:57]} 41. f5 {[%clk 0:38:52]} a3 {[%clk
0:45:23]} 42. f6 {[%clk 0:38:07]} a2 {[%clk 0:45:48]} 43. Kg8 {[%clk 0:38:04]}
a1Q {[%clk 0:46:12]} 44. f7 {[%clk 0:38:23]} Qg1+ {[%clk 0:46:12]} 45. Kh8 {[%clk
0:35:59]} Qf2 {[%clk 0:46:32]} 46. Kg8 {[%clk 0:36:12]} Qg3+ {[%clk 0:46:35]} 47.
Kh8 {[%clk 0:35:51]} Qf4 {[%clk 0:46:53]} 48. Kg8 {[%clk 0:35:58]} Qxh4 {[%clk
0:45:27]} 49. f8Q {[%clk 0:36:13]} Qg5+ {[%clk 0:45:31]} 50. Kh7 {[%clk 0:35:05]}
h4 {[%clk 0:45:29]} 51. Qf1+ {[%clk 0:34:10]} Kc5 {[%clk 0:45:15]} 52. Qf2+
{[%clk 0:33:21]} Kd5 {[%clk 0:45:09]} 53. Qf3+ {[%clk 0:33:05]} Kd4 {[%clk
0:44:42]} 54. Qf2+ {[%clk 0:31:53]} Ke4 {[%clk 0:44:31]} 55. Qc2+ {[%clk
0:30:49]} Kf3 {[%clk 0:44:52]} 56. Qd1+ {[%clk 0:30:31]} Kf2 {[%clk 0:44:19]} 57.
Qd4+ {[%clk 0:29:19]} Kg2 {[%clk 0:44:11]} 58. Qe4+ {[%clk 0:28:59]} Kh2 {[%clk
0:43:44]} 59. Qe2+ {[%clk 0:28:47]} Qg2 {[%clk 0:43:24]} 60. Qe5+ {[%clk
0:28:40]} Qg3 {[%clk 0:43:19]} 61. Qe2+ {[%clk 0:28:25]} Kg1 {[%clk 0:43:37]} 62.
Qd1+ {[%clk 0:28:23]} Kg2 {[%clk 0:43:31]} 63. Qe2+ {[%clk 0:26:42]} Qf2 {[%clk
0:43:51]} 64. Qe4+ {[%clk 0:26:05]} Kg1 {[%clk 0:43:54]} 65. Qb1+ {[%clk
0:25:31]} Kh2 {[%clk 0:43:11]} 66. Qb8+ {[%clk 0:25:35]} Qg3 {[%clk 0:43:19]} 67.
Qb2+ {[%clk 0:25:47]} Kh3 {[%clk 0:43:41]} 68. Qe2 {[%clk 0:24:34]} Qc7+ {[%clk
0:43:30]} 69. Kh8 {[%clk 0:24:36]} Qc3+ {[%clk 0:43:49]} 70. Kh7 {[%clk 0:24:26]}
Kg3 {[%clk 0:44:14]} 71. Qf1 {[%clk 0:21:20]} Qc7+ {[%clk 0:41:26]} 72. Kh8
{[%clk 0:21:04]} Qe5+ {[%clk 0:41:13]} 73. Kh7 {[%clk 0:21:18]} Qe4+ {[%clk
0:39:18]} 74. Kh8 {[%clk 0:21:26]} Qd4+ {[%clk 0:34:04]} 75. Kh7 {[%clk 0:21:44]}
Qe3 {[%clk 0:32:13]} 76. Qf5 {[%clk 0:20:17]} Qa7+ {[%clk 0:27:47]} 77. Kh8
{[%clk 0:20:13]} Qd4+ {[%clk 0:28:13]} 78. Kh7 {[%clk 0:20:05]} h3 {[%clk
0:28:15]} 79. Qg5+ {[%clk 0:19:14]} Qg4 {[%clk 0:26:40]} 80. Qe3+ {[%clk
0:18:39]} Qf3 {[%clk 0:27:07]} 81. Qe5+ {[%clk 0:15:16]} Kf2 {[%clk 0:25:35]} 82.
Qh2+ {[%clk 0:13:04]} Kf1 {[%clk 0:25:26]} 83. Qe5 {[%clk 0:11:31]} Qb7+ {[%clk
0:24:19]} 84. Kh8 {[%clk 0:11:34]} Qc8+ {[%clk 0:24:40]} 85. Kh7 {[%clk 0:11:32]}
Qd7+ {[%clk 0:20:46]} 86. Kh8 {[%clk 0:11:35]} Qd8+ {[%clk 0:21:11]} 87. Kg7
{[%clk 0:09:58]} Qd7+ {[%clk 0:21:04]} 88. Kh8 {[%clk 0:10:07]} Qc8+ {[%clk
0:21:33]} 89. Kh7 {[%clk 0:07:36]} Qc2+ {[%clk 0:21:18]} 90. Kh8 {[%clk 0:07:39]}
h2 {[%clk 0:21:30]} 91. Qf4+ {[%clk 0:05:27]} Qf2 {[%clk 0:21:44]} 92. Qc4+
{[%clk 0:04:53]} Qe2 {[%clk 0:18:48]} 93. Qf4+ {[%clk 0:04:14]} Kg2 {[%clk
0:19:14]} 94. Qg5+ {[%clk 0:04:24]} Kh3 {[%clk 0:19:25]} 95. Qf5+ {[%clk
0:03:31]} Kg3 {[%clk 0:19:06]} 96. Qg5+ {[%clk 0:03:06]} Qg4 {[%clk 0:19:18]} 97.
Qe3+ {[%clk 0:03:14]} Kh4 {[%clk 0:17:26]} 98. Qf2+ {[%clk 0:01:55]} Qg3 {[%clk
0:17:04]} 99. Qf6+ {[%clk 0:02:08]} Kh5 {[%clk 0:16:16]} 100. Qh6+ {[%clk
0:01:33]} Kg4 {[%clk 0:16:38]} 101. Qg6+ {[%clk 0:01:48]} Kh3 {[%clk 0:16:46]}
102. Qe6+ {[%clk 0:01:15]} Qg4 {[%clk 0:16:50]} 103. Qe3+ {[%clk 0:01:20]} Kg2
{[%clk 0:15:20]} 104. Qd2+ {[%clk 0:01:25]} Kg3 {[%clk 0:15:44]} 105. Qe3+ {[%clk
0:01:44]} Qf3 {[%clk 0:16:10]} 106. Qe5+ {[%clk 0:01:07]} Qf4 {[%clk 0:13:33]}
107. Qe1+ {[%clk 0:01:14]} Kg4 {[%clk 0:12:50]} 108. Qe2+ {[%clk 0:01:02]} Kg5
{[%clk 0:12:51]} 109. Qg2+ {[%clk 0:01:02]} Kh4 {[%clk 0:12:46]} 110. Qh1 {[%clk
0:00:40]} Qe5+ {[%clk 0:11:45]} 111. Kh7 {[%clk 0:01:02]} Kg3 {[%clk 0:11:55]}
112. Kg8 {[%clk 0:00:47]} Qb8+ {[%clk 0:12:14]} 113. Kh7 {[%clk 0:01:08]} Qa7+
{[%clk 0:12:40]} 0-1